[Event "MCR_CF31"]
[Site "?"]
[Date "2009.??.??"]
[Round "?"]
[White "Brunclik, Vladimir"]
[Black "Goc, Pavel"]
[Result "1-0"]
[WhiteElo "1867"]
[BlackElo "2012"]
[PlyCount "57"]
[EventDate "2009.??.??"]
[EventType "corr"]
[EventRounds "2"]

1. e4 e5 2. Nf3 Nc6 3. Bc4 Nf6 4. d3 Be7 5. Nc3 d6 6. h3 O-O 7. a3 Nd4 8. Nxd4
exd4 9. Ne2 c5 10. O-O d5 11. exd5 Nxd5 12. Nf4 Nc7 13. Re1 b5 14. Bb3 Bb7 15.
a4 a6 16. Qg4 Re8 17. Nh5 g6 18. Bh6 Bd6 19. Rxe8+ Nxe8 20. Re1 Nc7 21. Bg5
gxh5 22. Bxf7+ Kg7 23. Bxh5 Qc8 24. Bf6+ Kxf6 25. Qh4+ Kg7 26. Qg5+ Kh8 27.
Qf6+ Kg8 28. Bf7+ Kf8 29. Bd5# 1-0

[Event "MCR_CF31"]
[Site "?"]
[Date "2009.??.??"]
[Round "?"]
[White "Brunclik, Vladimir"]
[Black "Latal, Frantisek"]
[Result "0-1"]
[WhiteElo "1867"]
[BlackElo "2064"]
[PlyCount "104"]
[EventDate "2009.??.??"]
[EventType "corr"]
[EventRounds "2"]

1. e4 e5 2. Nf3 Nc6 3. Bc4 Nf6 4. d3 Be7 5. O-O O-O 6. Nc3 d6 7. h3 Na5 8. Bb3
c6 9. Be3 d5 10. exd5 cxd5 11. d4 e4 12. Nd2 Be6 13. Ne2 Qc7 14. Ba4 Rab8 15.
c3 Bd6 16. Bc2 Nd7 17. Re1 Rbc8 18. Qc1 b5 19. a3 Nb6 20. Nb3 Nac4 21. Bf4 Bxf4
22. Nxf4 Na4 23. Rb1 Ncxb2 24. Nxe6 fxe6 25. Rxb2 Nxb2 26. Qxb2 Qxc3 27. Qxc3
Rxc3 28. Bd1 Kf7 29. Re3 Rfc8 30. Nc5 Rc1 31. Re1 Ke7 32. Kf1 Rc4 33. Be2 Rxd4
34. Nxe6 Rd2 35. Nxg7 a6 36. Nf5+ Kf6 37. Ne3 d4 38. Ng4+ Kg5 39. f3 e3 40. g3
Kf5 41. f4 Rc3 42. Ne5 Rxa3 43. Bg4+ Kf6 44. Rc1 Rc3 45. Ra1 a5 46. Bd1 b4 47.
Nf3 Rf2+ 48. Kg1 d3 49. Ne1 d2 50. Nc2 b3 51. Na3 b2 52. Rb1 Rc1 0-1

[Event "MCR_CF31"]
[Site "?"]
[Date "2009.??.??"]
[Round "?"]
[White "Brunclik, Vladimir"]
[Black "Stepan, Josef"]
[Result "1-0"]
[WhiteElo "1867"]
[BlackElo "1902"]
[PlyCount "57"]
[EventDate "2009.??.??"]
[EventType "corr"]
[EventRounds "2"]

1. e4 d6 2. d4 Nf6 3. Nc3 g6 4. Nf3 Bg7 5. Bg5 c6 6. Be2 h6 7. Bxf6 Bxf6 8. O-O
O-O 9. Qd2 Bg7 10. Rfe1 Bg4 11. Rad1 Nd7 12. h3 Bxf3 13. Bxf3 b5 14. e5 d5 15.
e6 Nf6 16. exf7+ Rxf7 17. Qd3 g5 18. Ne2 Qd6 19. Ng3 e6 20. Qe2 Re8 21. Rd3
Rfe7 22. Re3 Kf7 23. Nh5 Bh8 24. Nxf6 Kxf6 25. Bh5 Rf8 26. Qd3 Rg7 27. Qa3 Rd8
28. Rf3+ Ke7 29. Rxe6+ 1-0

[Event "MCR_CF31"]
[Site "?"]
[Date "2009.??.??"]
[Round "?"]
[White "Brunclik, Vladimir"]
[Black "Vins, Karel"]
[Result "1-0"]
[WhiteElo "1867"]
[BlackElo "1703"]
[PlyCount "81"]
[EventDate "2009.??.??"]
[EventType "corr"]
[EventRounds "2"]

1. e4 e5 2. Nf3 Nc6 3. Bc4 Bc5 4. d3 Nf6 5. Nc3 d6 6. Bg5 h6 7. Bxf6 Qxf6 8.
Nd5 Qd8 9. c3 Ne7 10. b4 Bb6 11. O-O Nxd5 12. Bxd5 c6 13. Bb3 O-O 14. h3 Kh8
15. d4 f6 16. Nh4 Kh7 17. Qd3 g5 18. Nf3 Qe8 19. Rfe1 Kg7 20. a4 Be6 21. Bxe6
Qxe6 22. a5 Bc7 23. c4 b6 24. d5 Qd7 25. dxc6 Qxc6 26. b5 Qd7 27. a6 Rac8 28.
Nd2 Qe6 29. Nf1 Bb8 30. Ne3 Rfd8 31. Qe2 Kg6 32. Rac1 Rd7 33. Nf5 Rdc7 34. Red1
Rd7 35. Qg4 h5 36. Nh4+ Kf7 37. Qxh5+ Ke7 38. Nf5+ Kd8 39. Rd5 Rc5 40. Qh8+ Kc7
41. Ng7 1-0

[Event "MCR_CF31"]
[Site "?"]
[Date "2009.??.??"]
[Round "?"]
[White "Goc, Pavel"]
[Black "Brunclik, Vladimir"]
[Result "1-0"]
[WhiteElo "2012"]
[BlackElo "1867"]
[PlyCount "39"]
[EventDate "2009.??.??"]
[EventType "corr"]
[EventRounds "2"]

1. e4 e5 2. Nf3 Nf6 3. d4 Nxe4 4. Bd3 d5 5. Nxe5 Bd6 6. O-O Qh4 7. Nc3 Nxc3 8.
bxc3 Bxe5 9. dxe5 O-O 10. f4 Rd8 11. f5 c5 12. Rf3 Qg4 13. Qf1 Kh8 14. Rg3 Qa4
15. Qe2 Qe8 16. Rxg7 Kxg7 17. f6+ Kh8 18. Qh5 Qg8 19. Bh6 Nc6 20. Bg7+ 1-0

[Event "MCR_CF31"]
[Site "?"]
[Date "2009.??.??"]
[Round "?"]
[White "Goc, Pavel"]
[Black "Latal, Frantisek"]
[Result "1/2-1/2"]
[WhiteElo "2012"]
[BlackElo "2064"]
[PlyCount "157"]
[EventDate "2009.??.??"]
[EventType "corr"]
[EventRounds "2"]

1. d4 d5 2. Nf3 Nf6 3. e3 e6 4. Bd3 Bd6 5. Nbd2 Nbd7 6. O-O c5 7. c3 O-O 8. Re1
Qc7 9. e4 dxe4 10. Nxe4 Nxe4 11. Rxe4 c4 12. Bc2 Re8 13. Rh4 h6 14. Be3 Be7 15.
Rh3 Bf8 16. Qd2 e5 17. Rg3 e4 18. Bxh6 Qb6 19. Nh4 Qf6 20. Bg5 Qe6 21. Bxe4 Nf6
22. Bf5 Qc6 23. Bc2 Ne4 24. Bxe4 Rxe4 25. Re3 Rxe3 26. Bxe3 Be6 27. Nf3 Bd5 28.
Ne5 Qe6 29. Re1 b5 30. Bf4 Re8 31. f3 Qf5 32. Kf2 Re6 33. Bg3 a6 34. Qf4 Qxf4
35. Bxf4 Bd6 36. Bg3 Be7 37. Nd7 Rxe1 38. Kxe1 Bd8 39. Ke2 a5 40. Bd6 f5 41.
Ke3 Kf7 42. Nc5 Bg5+ 43. Bf4 Bd8 44. Na6 Bb7 45. Nc5 Bd5 46. g3 g5 47. Bd6 a4
48. a3 Bc6 49. h3 Bb6 50. h4 f4+ 51. gxf4 Bxc5 52. dxc5 gxh4 53. f5 h3 54. Be5
Bd7 55. f6 Kg6 56. Kf2 Kf7 57. Kg3 Kg6 58. f4 Kf7 59. f5 Bxf5 60. c6 Be4 61. c7
Bf5 62. Kf3 Bc8 63. Ke4 Ke6 64. Kd4 Bb7 65. f7 Kxf7 66. Kc5 Ke6 67. Bh2 Kd7 68.
Kxb5 Bc6+ 69. Kxc4 Be4 70. b4 axb3 71. Kxb3 Bb7 72. Kc4 Kc6 73. Kd4 Kb5 74. c4+
Kc6 75. c5 Kb5 76. Bd6 Kc6 77. a4 Ba6 78. Bh2 Bb7 79. Be5 1/2-1/2

[Event "MCR_CF31"]
[Site "?"]
[Date "2009.??.??"]
[Round "?"]
[White "Goc, Pavel"]
[Black "Stepan, Josef"]
[Result "1-0"]
[WhiteElo "2012"]
[BlackElo "1902"]
[PlyCount "33"]
[EventDate "2009.??.??"]
[EventType "corr"]
[EventRounds "2"]

1. e4 c5 2. Nf3 d6 3. d4 cxd4 4. Nxd4 Nf6 5. Nc3 a6 6. Bg5 e6 7. f4 Be7 8. Qf3
Nbd7 9. Bc4 b5 10. Bxe6 fxe6 11. Nxe6 Qb6 12. Nxg7+ Kf7 13. Nf5 Bb7 14. O-O-O
Rae8 15. Nh6+ Kf8 16. Qh3 Nc5 17. Nf5 1-0

[Event "MCR_CF31"]
[Site "?"]
[Date "2009.??.??"]
[Round "?"]
[White "Goc, Pavel"]
[Black "Vins, Karel"]
[Result "1-0"]
[WhiteElo "2012"]
[BlackElo "1703"]
[PlyCount "75"]
[EventDate "2009.??.??"]
[EventType "corr"]
[EventRounds "2"]

1. e4 e5 2. Nf3 Nc6 3. Bb5 a6 4. Ba4 Nf6 5. O-O Be7 6. Re1 b5 7. Bb3 d6 8. c3
Na5 9. Bc2 c5 10. d4 Qc7 11. a4 Bd7 12. axb5 Bxb5 13. dxe5 dxe5 14. Nxe5 O-O
15. f4 Nb7 16. c4 Bc6 17. Nc3 h6 18. Nxc6 Qxc6 19. Nd5 Bd8 20. Qd3 Nxd5 21.
exd5 Qg6 22. Qxg6 fxg6 23. Bxg6 Bf6 24. Re6 a5 25. g4 Nd8 26. Rb6 Bd4+ 27. Kg2
Rf6 28. Rxf6 Bxf6 29. Kf3 Nb7 30. Ra3 Nd6 31. b3 Bc3 32. Ke2 Ra7 33. Kd3 Bb4
34. Ra1 Re7 35. Bb2 Re1 36. Rxe1 Bxe1 37. Be5 Kf8 38. Bxd6+ 1-0

[Event "MCR_CF31"]
[Site "?"]
[Date "2009.??.??"]
[Round "?"]
[White "Latal, Frantisek"]
[Black "Brunclik, Vladimir"]
[Result "1-0"]
[WhiteElo "2064"]
[BlackElo "1867"]
[PlyCount "97"]
[EventDate "2009.??.??"]
[EventType "corr"]
[EventRounds "2"]

1. d4 d5 2. c4 e6 3. Nc3 Nf6 4. Nf3 Be7 5. Bg5 O-O 6. e3 h6 7. Bh4 b6 8. cxd5
Nxd5 9. Bxe7 Qxe7 10. Nxd5 exd5 11. Rc1 Be6 12. Be2 c5 13. dxc5 bxc5 14. O-O
Nd7 15. Qa4 Rfb8 16. b3 Rb4 17. Qa5 Qd6 18. Rfd1 Qb6 19. Qa3 Rd8 20. Qb2 Qd6
21. Ne1 Ne5 22. Qc3 Rc8 23. h3 Rbb8 24. e4 d4 25. f4 Ng6 26. f5 Nf4 27. Bf1 Bd7
28. Qf3 g6 29. g3 Nh5 30. Kh2 Bb5 31. Bxb5 Rxb5 32. Nd3 Ng7 33. fxg6 fxg6 34.
Rf1 Kh7 35. Qf6 Qc7 36. Rf2 Qb7 37. Qf3 Qe7 38. e5 Rb6 39. Qd5 Ne6 40. Rcf1 Rc7
41. Rf6 Qe8 42. h4 Qc6 43. Qc4 Qe8 44. Nf2 Rd7 45. Ne4 Kg7 46. h5 gxh5 47. Qc1
Qh8 48. Nd6 Ng5 49. Qc2 1-0

[Event "MCR_CF31"]
[Site "?"]
[Date "2009.??.??"]
[Round "?"]
[White "Latal, Frantisek"]
[Black "Goc, Pavel"]
[Result "1-0"]
[WhiteElo "2064"]
[BlackElo "2012"]
[PlyCount "121"]
[EventDate "2009.??.??"]
[EventType "corr"]
[EventRounds "2"]

1. d4 Nf6 2. c4 e6 3. Nc3 Bb4 4. e3 c5 5. Nf3 Nc6 6. d5 Ne7 7. d6 Nf5 8. Qd3 b5
9. cxb5 Bb7 10. Bd2 Qb8 11. a3 Ba5 12. Na4 Be4 13. Qc4 Bb6 14. Nxc5 Nxd6 15.
Qc1 O-O 16. Nxe4 Ndxe4 17. Bd3 d5 18. O-O Nxd2 19. Qxd2 e5 20. Be2 Rd8 21. Qc2
d4 22. exd4 exd4 23. Rfe1 Qd6 24. Bd3 Rac8 25. Qd2 Rc5 26. Re2 Rh5 27. Rae1 Kf8
28. h3 Nd5 29. Ne5 Bc7 30. g3 Ne3 31. Nc6 Qd7 32. h4 Rxh4 33. Rxe3 dxe3 34.
Qxe3 Bb6 35. Bf5 Qd6 36. Qf3 Qd5 37. Be4 Rxe4 38. Rxe4 Rd6 39. a4 a6 40. a5
Bxf2+ 41. Kxf2 Qxb5 42. Nd4 Qxb2+ 43. Ne2 g5 44. Kg2 Rf6 45. Qe3 Rf5 46. g4 Rb5
47. Rd4 Kg7 48. Qe8 h5 49. Rd8 hxg4 50. Qf8+ Kg6 51. Rd6+ f6 52. Qe8+ Kh6 53.
Rd7 Rb8 54. Qe4 Rh8 55. Qe7 Kg6 56. Qf7+ Kf5 57. Rd5+ Qe5 58. Ng3+ Kf4 59. Qb7
Rb8 60. Rxe5 Rxb7 61. Re4# 1-0

[Event "MCR_CF31"]
[Site "?"]
[Date "2009.??.??"]
[Round "?"]
[White "Latal, Frantisek"]
[Black "Stepan, Josef"]
[Result "1-0"]
[WhiteElo "2064"]
[BlackElo "1902"]
[PlyCount "51"]
[EventDate "2009.??.??"]
[EventType "corr"]
[EventRounds "2"]

1. d4 Nf6 2. c4 g6 3. Nc3 d5 4. Nf3 Bg7 5. Bf4 O-O 6. e3 c5 7. dxc5 Qa5 8. Rc1
Ne4 9. Be5 Nxc3 10. Bxc3 Bxc3+ 11. Rxc3 Qxa2 12. Qc1 Qa5 13. cxd5 Nd7 14. Nd2
Nf6 15. e4 e6 16. d6 Bd7 17. Ra3 Qd8 18. b4 Bc6 19. Bd3 Qd7 20. Qb2 Nh5 21. b5
Nf4 22. O-O b6 23. bxc6 Qxc6 24. Rc1 bxc5 25. Qe5 Nxd3 26. Rxd3 1-0

[Event "MCR_CF31"]
[Site "?"]
[Date "2009.??.??"]
[Round "?"]
[White "Latal, Frantisek"]
[Black "Vins, Karel"]
[Result "1-0"]
[WhiteElo "2064"]
[BlackElo "1703"]
[PlyCount "51"]
[EventDate "2009.??.??"]
[EventType "corr"]
[EventRounds "2"]

1. d4 d5 2. c4 e6 3. Nc3 Nf6 4. Nf3 c6 5. e3 Nbd7 6. Bd3 dxc4 7. Bxc4 Nd5 8. e4
N5f6 9. O-O Be7 10. Qc2 O-O 11. Re1 Re8 12. Bg5 h6 13. Bf4 Nf8 14. Rad1 N6h7
15. d5 cxd5 16. exd5 a6 17. dxe6 Bxe6 18. Bxe6 Nxe6 19. Rxd8 Raxd8 20. Be3 Nf6
21. Qf5 b5 22. a3 Nc7 23. Bb6 Bd6 24. Rxe8+ Nfxe8 25. Kf1 Bf8 26. Ne5 1-0

[Event "MCR_CF31"]
[Site "?"]
[Date "2009.??.??"]
[Round "?"]
[White "Stepan, Josef"]
[Black "Brunclik, Vladimir"]
[Result "0-1"]
[WhiteElo "1902"]
[BlackElo "1867"]
[PlyCount "32"]
[EventDate "2009.??.??"]
[EventType "corr"]
[EventRounds "2"]

1. d4 Nf6 2. Nc3 d5 3. Bg5 Nbd7 4. Nf3 h6 5. Bh4 e6 6. e4 g5 7. Bg3 dxe4 8. Nd2
Bb4 9. Qe2 c6 10. Ndxe4 Nxe4 11. Qxe4 Qa5 12. Qd3 b6 13. Qd2 Nf6 14. Bd3 Nd5
15. Be4 Nxc3 16. Bxc6+ Bd7 0-1

[Event "MCR_CF31"]
[Site "?"]
[Date "2009.??.??"]
[Round "?"]
[White "Stepan, Josef"]
[Black "Goc, Pavel"]
[Result "0-1"]
[WhiteElo "1902"]
[BlackElo "2012"]
[PlyCount "92"]
[EventDate "2009.??.??"]
[EventType "corr"]
[EventRounds "2"]

1. Nf3 d5 2. c4 d4 3. e3 Nc6 4. exd4 Nxd4 5. Nxd4 Qxd4 6. Nc3 e5 7. d3 Ne7 8.
Qe2 Bg4 9. f3 Bd7 10. Be3 Qd6 11. O-O-O Nf5 12. Bf2 Nd4 13. Bxd4 Qxd4 14. Qe4
O-O-O 15. g3 f5 16. Qxd4 exd4 17. Ne2 Ba4 18. b3 Ba3+ 19. Kb1 Bc6 20. Bg2 Rhe8
21. Nc3 Re3 22. Rhf1 Rde8 23. Kc2 h5 24. Rf2 g5 25. f4 Bxg2 26. Rxg2 g4 27.
Rgg1 Kd7 28. Rgf1 h4 29. gxh4 Rh8 30. Rd2 c5 31. Rff2 Rxh4 32. Ne2 Bb4 33. Rd1
Rf3 34. Rdf1 Rxh2 35. Rxh2 Rxf1 36. Rh7+ Kc6 37. Rh6+ Kc7 38. Rh7+ Kb6 39. Rh6+
Ka5 40. Rh7 Ka6 41. Rh6+ b6 42. Rh5 Ra1 43. Kb2 Rd1 44. a3 Rd2+ 45. Kc1 Rxe2
46. axb4 g3 0-1

[Event "MCR_CF31"]
[Site "?"]
[Date "2009.??.??"]
[Round "?"]
[White "Stepan, Josef"]
[Black "Latal, Frantisek"]
[Result "0-1"]
[WhiteElo "1902"]
[BlackElo "2064"]
[PlyCount "84"]
[EventDate "2009.??.??"]
[EventType "corr"]
[EventRounds "2"]

1. c4 c5 2. Nf3 Nf6 3. g3 Nc6 4. Bg2 d5 5. cxd5 Qxd5 6. Nc3 Qd7 7. d3 e5 8. Bg5
Nd5 9. O-O f6 10. Bc1 Be7 11. e4 Ndb4 12. Ne1 Nd4 13. a3 Nbc6 14. Nf3 O-O 15.
Nxd4 Nxd4 16. Ne2 Rd8 17. Nc3 Qe8 18. Nd5 Be6 19. Be3 Bd6 20. Bxd4 cxd4 21. Rc1
Qb5 22. Qd2 Rdc8 23. f4 Rxc1 24. Rxc1 Qd7 25. fxe5 fxe5 26. Qg5 Rf8 27. Rf1
Rxf1+ 28. Bxf1 h6 29. Qd2 Qb5 30. Bg2 Qb3 31. Bf3 Qa2 32. Qc1 Kh7 33. Bg2 a5
34. Nb6 Qb3 35. Nc8 Bxa3 36. bxa3 Qc3 37. Qb1 Bxc8 38. a4 Qa3 39. Qb5 Qc1+ 40.
Kf2 Bg4 41. Qxe5 Qe3+ 42. Kf1 Be2+ 0-1

[Event "MCR_CF31"]
[Site "?"]
[Date "2009.??.??"]
[Round "?"]
[White "Stepan, Josef"]
[Black "Vins, Karel"]
[Result "1-0"]
[WhiteElo "1902"]
[BlackElo "1703"]
[PlyCount "111"]
[EventDate "2009.??.??"]
[EventType "corr"]
[EventRounds "2"]

1. Nf3 Nf6 2. c4 c5 3. d4 cxd4 4. Nxd4 d5 5. cxd5 Nxd5 6. e4 Nf6 7. Nc3 a6 8.
Be2 e5 9. Nf3 Qxd1+ 10. Bxd1 Nc6 11. O-O h6 12. Ba4 b5 13. Bb3 Bg4 14. Nd5 Rc8
15. Nxf6+ gxf6 16. Bd1 Bxf3 17. Bxf3 Nd4 18. Bg4 Rd8 19. Bd2 Be7 20. Rac1 Kf8
21. Rc7 Ne2+ 22. Bxe2 Rxd2 23. Bd1 Rxb2 24. Bb3 Rd2 25. Ra7 Bd8 26. Rxf7+ Ke8
27. Ra7 Rd6 28. Rc1 Rf8 29. Rc8 f5 30. Bd5 Rff6 31. f3 fxe4 32. fxe4 Rd7 33.
Raa8 Ke7 34. h3 Bb6+ 35. Kh2 Rd8 36. Rxd8 Bxd8 37. Ra7+ Ke8 38. h4 a5 39. Kh3
b4 40. g3 Kf8 41. Kg4 Bb6 42. Rb7 Be3 43. Kh5 Rf3 44. g4 Rf6 45. g5 hxg5 46.
hxg5 Rf2 47. g6 Rg2 48. Rf7+ Ke8 49. Bc6+ Kd8 50. g7 Bc5 51. Bd5 Rh2+ 52. Kg6
Rg2+ 53. Kf6 Bd6 54. Rf8+ Kc7 55. Kf7 Rf2+ 56. Ke8 1-0

[Event "MCR_CF31"]
[Site "?"]
[Date "2009.??.??"]
[Round "?"]
[White "Vins, Karel"]
[Black "Brunclik, Vladimir"]
[Result "0-1"]
[WhiteElo "1703"]
[BlackElo "1867"]
[PlyCount "62"]
[EventDate "2009.??.??"]
[EventType "corr"]
[EventRounds "2"]

1. d4 d5 2. c4 e6 3. Nc3 Nf6 4. Bg5 Be7 5. b3 O-O 6. e3 c6 7. Qc2 Na6 8. c5 b6
9. Bxf6 Bxf6 10. Bxa6 Bxa6 11. b4 bxc5 12. bxc5 e5 13. Rd1 exd4 14. exd4 Re8+
15. Nge2 Bxe2 16. Nxe2 Qa5+ 17. Kf1 Re7 18. g3 Qa6 19. Rd3 Rae8 20. Nc1 Re1+
21. Kg2 Rxh1 22. Kxh1 Re1+ 23. Kg2 Rxc1 24. Qxc1 Qxd3 25. Qb2 g6 26. Qb8+ Kg7
27. Qxa7 Qe4+ 28. Kg1 Qe1+ 29. Kg2 Bxd4 30. Qa4 Qxf2+ 31. Kh3 Qf1+ 0-1

[Event "MCR_CF31"]
[Site "?"]
[Date "2009.??.??"]
[Round "?"]
[White "Vins, Karel"]
[Black "Goc, Pavel"]
[Result "0-1"]
[WhiteElo "1703"]
[BlackElo "2012"]
[PlyCount "72"]
[EventDate "2009.??.??"]
[EventType "corr"]
[EventRounds "2"]

1. e4 e5 2. Nf3 Nc6 3. Bb5 a6 4. Ba4 Nf6 5. O-O b5 6. Bb3 Bb7 7. Re1 Bc5 8. h3
d6 9. d3 Na5 10. c3 Nxb3 11. axb3 a5 12. Be3 Bxe3 13. Rxe3 O-O 14. Nbd2 g6 15.
Nh2 Nh5 16. f3 Qg5 17. Ndf1 Nf4 18. g3 Nxh3+ 19. Kg2 Nf4+ 20. Kf2 Ne6 21. Ke1
f5 22. Re2 h5 23. Qd2 f4 24. g4 h4 25. Kd1 c5 26. Kc2 Rac8 27. Kb1 b4 28. Qe1
Ba6 29. Qd1 Bb5 30. Rd2 Qe7 31. Qe2 g5 32. Rd1 Rb8 33. Nd2 a4 34. c4 Nd4 35.
Qf2 Bc6 36. bxa4 Bxa4 0-1

[Event "MCR_CF31"]
[Site "?"]
[Date "2009.??.??"]
[Round "?"]
[White "Vins, Karel"]
[Black "Latal, Frantisek"]
[Result "0-1"]
[WhiteElo "1703"]
[BlackElo "2064"]
[PlyCount "50"]
[EventDate "2009.??.??"]
[EventType "corr"]
[EventRounds "2"]

1. d4 d5 2. c4 e6 3. Nc3 c5 4. cxd5 exd5 5. Nf3 Nf6 6. Bg5 Be6 7. e3 c4 8. e4
dxe4 9. Nxe4 Bb4+ 10. Nc3 Nc6 11. Be2 h6 12. Bxf6 Qxf6 13. O-O Rd8 14. Qa4 O-O
15. Rad1 Bxc3 16. bxc3 a6 17. Nd2 Bd5 18. Bf3 b5 19. Qxa6 Bxf3 20. Nxf3 Nxd4
21. Qxf6 Ne2+ 22. Kh1 Rxd1 23. Rxd1 gxf6 24. g3 Nxc3 25. a3 Nxd1 0-1

[Event "MCR_CF31"]
[Site "?"]
[Date "2009.??.??"]
[Round "?"]
[White "Vins, Karel"]
[Black "Stepan, Josef"]
[Result "0-1"]
[WhiteElo "1703"]
[BlackElo "1902"]
[PlyCount "120"]
[EventDate "2009.??.??"]
[EventType "corr"]
[EventRounds "2"]

1. d4 Nf6 2. c4 g6 3. Nc3 d5 4. cxd5 Nxd5 5. e4 Nxc3 6. bxc3 c5 7. Bc4 Bg7 8.
Ne2 Nc6 9. Be3 O-O 10. O-O cxd4 11. cxd4 Na5 12. Bd3 b6 13. Rc1 e6 14. Qd2 Bb7
15. f3 Rc8 16. Rxc8 Qxc8 17. Rd1 Rd8 18. Qc2 Qd7 19. e5 Nc6 20. f4 Nb4 21. Qc4
Nxd3 22. Rxd3 Rc8 23. Qb3 Qc6 24. d5 exd5 25. Nd4 Qc4 26. Ne2 Ba6 27. Qxc4 Bxc4
28. Rd2 Bxe2 29. Rxe2 Bf8 30. Kf1 Bc5 31. Rc2 Kf8 32. Ke2 Ke8 33. g4 Kd7 34.
Bc1 Bf8 35. Rxc8 Kxc8 36. h3 Kd7 37. Kd3 Bc5 38. Bb2 a5 39. f5 gxf5 40. gxf5 h5
41. Ke2 Bb4 42. Kf3 Bc5 43. a4 Kc6 44. Kf4 b5 45. axb5+ Kxb5 46. Kg5 a4 47. Kf6
d4 48. Kxf7 d3 49. Bc3 Kc4 50. e6 Kxc3 51. f6 d2 52. e7 d1=Q 53. e8=Q a3 54.
Qe5+ Kc4 55. Qe4+ Kb3 56. Qb7+ Bb4 57. Kg6 a2 58. f7 Qd6+ 59. Kxh5 a1=Q 60.
f8=Q Qxf8 0-1